Quiz Cultura Generale - Quiz n°67 - Statistics

Statistiche generali
  • Questo quiz è stato fatto 200 volte
  • Il punteggio medio è 8 su 15
Statistiche sulle risposte
Domanda Risposta % Corretto
Come si traduce il termine inglese "west"? Ovest
99%
Chi morì all'Isola di Sant'Elena il 5 Maggio 1821? Napoleone Bonaparte
96%
In quale stato asiatico si trova la città di Calcutta? India
88%
Nella mitologia greca, chi era il traghettatore dell'Ade? Caronte
85%
Quante corde ha una chitarra classicea? 6
80%
Quale animale è Manny ne "L'Era Glaciale"? Mammut
69%
Quale celebre ponte di Firenze collega via Por Santa Maria a via de' Guicciardini? Ponte Vecchio
65%
Di quale nazione europea fa parte la Comunità autonoma della Galizia? Spagna
62%
Chi ha scritto l'opera "Rigoletto"? Giuseppe Verdi
54%
Qual è il supereroe alter-ego mascherato di Paperino? Paperinik
44%
In quale regione italiana nacque Gabriele D'Annunzio? Abruzzo
40%
Chi è stato Imperatore d'Austria dal 1848 al 1916? Francesco Giuseppe I
19%
Quale specialità dell'arma di fanteria dell'Esercito italiano è chiamata così perché in origine formata da soldati addestrati al tiro con fucili di precisione a canna rigata? Bersaglieri
12%
Com'è detto chi si diletta di astronomia e in genere di studî e ricerche sulle stelle? Astrofilo
10%
Quale dotto ha come funzione il trasporto della bile proveniente dal dotto epatico comune e dalla cistifellea all'ampolla del Vater? Coledoco
4%
Nessun quiz corrispondente trovato
Distribuzione punteggi
Percentuale di utenti per punteggio
Percentile per numero di risposta
I tuoi punteggi nel tempo
Non hai fatto questo quiz